000 00495nam a2200181Ia 4500
005 20250508160113.0
008 008 250505s9999 xx 000 0 eng d
037 _aTextual
040 _aFEDL
_beng
_cFEDL
041 _aeng
_2eng
084 _aB, HAW
_qFEDL
100 _aKaul A N Ed.
245 0 _aHawthorne: A collection of critical essays
260 _aEnglewood Cliffs
_b Prentice-Hall
_c1966
300 _avii,182p.
942 _cTEXL
_hB, HAW
999 _c1361747
_d1361747